Základní koncepce excelence : Model excelence EFQM 2013
Guardado en:
| Formato: | Libro |
|---|---|
| Lenguaje: | checo |
| Publicado: |
Praha :
Česká společnost pro jakost,
2012
|
| Materias: | |
| Etiquetas: |
Sin Etiquetas, Sea el primero en etiquetar este registro!
|
MARC
| LEADER | 00000nam a22000003a 4500 | ||
|---|---|---|---|
| 001 | stu264703 | ||
| 005 | 20150408183047.5 | ||
| 008 | 130321s2012----xr------------------cze-d | ||
| 020 | |a 978-90-5236-6111-1 | ||
| 040 | |a STU |b slo | ||
| 041 | 0 | |a cze | |
| 044 | |a xr | ||
| 080 | |a 658.56 | ||
| 245 | |a Základní koncepce excelence : |b Model excelence EFQM 2013 | ||
| 260 | |a Praha : |b Česká společnost pro jakost, |c 2012 | ||
| 300 | |a 9 s | ||
| 650 | 7 | |a sebahodnotenie |2 stusub | |
| 650 | 7 | |a inovácie |2 stusub | |
| 650 | 7 | |a udržateľnosť |2 stusub | |
| 996 | |b 284M084987 |c M*B-684 |l MMKN |s A |a 24 |w stu264703_0001 | ||